00503nam a2200169Ia 450000500170000000800410001704000190005804100120007708200130008910000170010224500910011926000290021030000160023965000180025565100500027385000100032320220912131559.0131103s9999 xx 000 0 und d aLoreto College aEnglish a803bSCO aScott, A. E. aCurrent literary termsb a concise dictionary of their origin and use cby A. E. Scott aLondon bMacmillanc1965 avii.324 p.  aLiterature -  aTerms and phrases- DictionaryLCLIB/803/SCO -  aLCLIB